| 000 | 00710nam a2200253Ia 4500 | ||
|---|---|---|---|
| 001 | dia_3462 | ||
| 003 | CHAP | ||
| 005 | 20230522090729.0 | ||
| 008 | 220117s1988 xx 000 0 und d | ||
| 010 | _a173925 | ||
| 020 | _a968-444-071-5 | ||
| 040 | _cCHAP | ||
| 082 | _aC 641.1 D33 1988 | ||
| 100 | 1 |
_aBaduĂ Dergal, Salvador _99378 |
|
| 245 |
_aDiccionario de tecnologĂa de los alimentos / _c Salvador Badui Dergal |
||
| 260 |
_aMexico, D. F. : _b Alhambra, _c1988 |
||
| 300 | _a300 p. | ||
| 503 | _aC/e | ||
| 650 |
_aAlimentos _xDiccionarios _94214 |
||
| 901 | _aC 641.1 D33 1988 | ||
| 902 | _aM | ||
| 905 | _a5232271988 MX a 8222123322SPA16 | ||
| 942 |
_cLIBRO _2ddc |
||
| 999 |
_c173925 _d173925 |
||